| 000 | 01060cam a22003017a 4500 | ||
|---|---|---|---|
| 003 | CHAP | ||
| 005 | 20220329142405.0 | ||
| 008 | 001113s1996 cu r 00010 spa d | ||
| 010 | _a82796 | ||
| 011 | _a83768 | ||
| 035 | _a94284 | ||
| 040 | _cCHAP | ||
| 090 | _aFolleto 16075 | ||
| 110 | 1 |
_aMinisterio de la Agricultura. Instituto de Investigaciones de Sanidad Vegetal. Cuba. _975984 |
|
| 245 | 1 | 0 |
_aPreguntas y respuestas sobre la mosca blanca (Bemisia tabaci gennadius) transmisora del virus del encrespamiento amarillo de la hoja del tomate (TYLCV) _c/por Carlos Murguido, (y otros) |
| 260 |
_aHabana, Cuba : _bEl Instituto, _c1996. |
||
| 300 | _a11 p. | ||
| 590 |
_aBATCH-UPD _b10 _c20130110 _lUCH01 _h0704 |
||
| 590 |
_aCONVERSION _b10 _c20130109 _lUCH01 _h1346 |
||
| 650 | 1 | 4 |
_aBemisia tabaci. _911496 |
| 650 | 1 | 4 |
_aTomate _xPlagas. _9113748 |
| 650 | 1 | 4 |
_aVirus. _9119936 |
| 700 | 0 |
_aMurguido, Carlos. _979739 |
|
| 901 | _aBK | ||
| 905 | _aEdna Luz | ||
| 942 | _cFOLL | ||
| 949 |
_aFolleto 16075 _bBC _cFOLL _d33724002016868 _eTS1 _gDonaciØn _i94284 _st |
||
| 999 |
_c82796 _d82796 |
||